000 00659cam a2200241 4500
008 090401t1993 xxu||||| |||| 00| 0 eng d
020 _a0851255965
035 _a(Sirsi) u35688
041 _aeng
050 _a690
110 _aBuilding Research Establishment
245 _aSite investigation for low-rise building: soil description.
260 _aGarston, Watford
_bBuilding Research Establishment
_c1993
300 _a12p. : ill. ; 30cm.
350 _a0
490 _aBRE Digest
_v383
650 _aLOW-RISE BUILDINGS
650 _aSITE INVESTIGATION
650 _aSOILS
690 _aBUILT ENVIRONMENT
942 _n0
948 _c04/03/1997
999 _c90141
_d90141